The compulsory purchase (inquiries procedure) rules 2007, SI 2007 No. 3617 (Record no. 107816)

MARC details
000 -LEADER
fixed length control field 01563cad a22002775a 4500
001 - CONTROL NUMBER
control field L141976
008 - FIXED-LENGTH DATA ELEMENTS--GENERAL INFORMATION
fixed length control field 080117e20080115xxk f 000 0 eng d
020 ## - INTERNATIONAL STANDARD BOOK NUMBER
International Standard Book Number 9780117539891
035 ## - SYSTEM CONTROL NUMBER
System control number (Sirsi) u141976
041 0# - LANGUAGE CODE
Language code of text/sound track or separate title eng
050 04 - LIBRARY OF CONGRESS CALL NUMBER
Classification number 711.14 $2 18
110 1# - MAIN ENTRY--CORPORATE NAME
Corporate name or jurisdiction name as entry element United Kingdom
Subordinate unit Department for Communities and Local Government
9 (RLIN) 4939
245 04 - TITLE STATEMENT
Title The compulsory purchase (inquiries procedure) rules 2007, SI 2007 No. 3617
Medium [electronic resource]
260 ## - PUBLICATION, DISTRIBUTION, ETC.
Place of publication, distribution, etc. London
Name of publisher, distributor, etc. DCLG
Date of publication, distribution, etc. 2008
490 #0 - SERIES STATEMENT
Series statement DCLG Circular
Volume/sequential designation 01/2008
520 ## - SUMMARY, ETC.
Summary, etc. Provides guidance regarding the Compulsory Purchase (Inquiries Procedures) Rules 2007. Aimed at government departments, local authorities and statutory undertakers. The Rules in question replace, consolidate and update two previously existing sets of Rules. They take account of Part 8 of the Planning and Compulsory Purchase Act 2004 and the Compulsory Purchase of Land (Written Representations Procedure) (Ministers) Regulations 2004 (L131578).
521 2# - TARGET AUDIENCE NOTE
Target audience note Advanced
590 ## - LOCAL NOTE (RLIN)
Local note KA NTK
650 24 - SUBJECT ADDED ENTRY--TOPICAL TERM
Topical term or geographic name entry element COMPULSORY PURCHASE (INQUIRIES PROCEDURES) RULES 2007
650 24 - SUBJECT ADDED ENTRY--TOPICAL TERM
Topical term or geographic name entry element PLANNING AND COMPULSORY PURCHASE ACT 2004
650 24 - SUBJECT ADDED ENTRY--TOPICAL TERM
Topical term or geographic name entry element COMPULSORY PURCHASE OF LAND (WRITTEN REPRESENTATIONS PROCEDURE) (MINISTERS) REGULATIONS 2004
651 #4 - SUBJECT ADDED ENTRY--GEOGRAPHIC NAME
Geographic name United Kingdom
Chronological subdivision
690 ## - LOCAL SUBJECT ADDED ENTRY--TOPICAL TERM (OCLC, RLIN)
Topical term or geographic name as entry element ENVIRONMENTAL AND LAND CONSULTANCY-PLANNING AND DEVELOPMENT-COMPULSORY PURCHASE AND COMPENSATION
856 40 - ELECTRONIC LOCATION AND ACCESS
Uniform Resource Identifier <a href="https://www.legislation.gov.uk/uksi/2007/3617/contents/made">https://www.legislation.gov.uk/uksi/2007/3617/contents/made</a>
Public note View the circular free of charge at www.legislation.gov.uk
942 ## - ADDED ENTRY ELEMENTS (KOHA)
Suppress in OPAC 0
Holdings
Withdrawn status Lost status Source of classification or shelving scheme Damaged status Not for loan Home library Current library Shelving location Date acquired Total Checkouts Full call number Barcode Date last seen Copy number Price effective from Koha item type
    Dewey Decimal Classification     Virtual Virtual Online 17/01/2008   ONLINE PUBLICATION 141976-1001 06/08/2019 1 06/08/2019 Book